000
00309nam a2200133Ia 4500
008
231017s9999 xx 000 0 und d
082
_a
625.85
082
_b
REC
245
0
_a
Asphalt Pavement: Inspector's Manual
245
0
_c
Mathew Reckard
260
_b
Mathew Reckard
300
_c
30cm
942
_c
REP
999
_c
604810
_d
604810